| 000 | 00639cam a22002171 4500 | ||
|---|---|---|---|
| 001 | 1695023 | ||
| 003 | ARRUPE | ||
| 005 | 20170111140659.0 | ||
| 008 | 790919s1962 nyu 000 0 eng | ||
| 010 | _a 62021159 | ||
| 040 |
_aDLC _cDLC _dDLC |
||
| 041 | 1 | _aengund | |
| 050 | 0 | 0 | _aPT2398.E2 |
| 100 | 1 |
_aLessing, Gotthold Ephraim, _d1729-1781. _927065 |
|
| 240 | 1 | 0 |
_aEmilia Galotti. _lEnglish |
| 245 | 1 | 0 |
_aEmilia Galotti, _btrauerspiel _cby Lessing, Gotthold Ephraim, |
| 260 |
_aStuttgart _bPhilipp Reclam Jun. _c1962 |
||
| 300 |
_a80p.; _c16cm. |
||
| 906 |
_a7 _bcbc _corignew _du _eocip _f19 _gy-gencatlg |
||
| 942 |
_2lcc _cMONOGRAPH |
||
| 999 |
_c125935 _d125935 |
||